[Event "Liga Madrileña - DH 2015-2016"]
[Site "Madrid ESP"]
[Date "2016.01.09"]
[Round "5.45"]
[White "Cabanas Jimenez, Andres"]
[Black "Horcajada Reales, Guillermo"]
[Result "1-0"]
[WhiteElo "2245"]
[BlackElo "2208"]
[PlyCount "89"]
[EventDate "2015.11.22"]
[EventType "team-tourn"]
[EventRounds "14"]
[EventCountry "ESP"]
[Source "lmi"]
[SourceDate "2015.11.22"]
[WhiteTeam "64 Villalba"]
[BlackTeam "Virgen de Atocha"]
[WhiteTeamCountry "ESP"]
[BlackTeamCountry "ESP"]

1. e4 e6 2. Nc3 d5 3. Nf3 Nf6 4. e5 Ne4 5. Ne2 Be7 6. d3 Nc5 7. Nc3 d4 8. Ne2
Nc6 9. a3 a5 10. g3 f6 11. exf6 Bxf6 12. Bg2 O-O 13. O-O e5 14. Nd2 Bg4 15. h3
Bh5 16. Ne4 Nxe4 17. Bxe4 Bg5 18. Bxg5 Qxg5 19. Qc1 Qf6 20. Qe1 Bf3 21. Nc1 a4
22. Bxf3 Qxf3 23. Qe2 Qd5 24. Na2 Rae8 25. Nb4 Nxb4 26. axb4 b5 27. Rae1 Qd6
28. Qd2 Re6 29. Re4 c5 30. bxc5 Qxc5 31. f4 Ref6 32. Qf2 b4 33. c3 bxc3 34.
bxc3 Qxc3 35. Rxe5 Qxd3 36. Rd5 Qb3 37. Rxd4 Rc6 38. Qf3 Rc3 39. Qd5+ Qxd5 40.
Rxd5 Rxg3+ 41. Kh2 Rb3 42. Ra5 Rb4 43. f5 Rc8 44. f6 Rf8 45. f7+ 1-0

[Event "Liga Madrileña - DH 2015-2016"]
[Site "Madrid ESP"]
[Date "2016.01.09"]
[Round "5.46"]
[White "Perez de Aranda, Leonardo Ivan"]
[Black "Lopez del Alamo, Antonio"]
[Result "0-1"]
[WhiteElo "2078"]
[BlackElo "2224"]
[PlyCount "120"]
[EventDate "2015.11.22"]
[EventType "team-tourn"]
[EventRounds "14"]
[EventCountry "ESP"]
[Source "lmi"]
[SourceDate "2015.11.22"]
[WhiteTeam "Virgen de Atocha"]
[BlackTeam "64 Villalba"]
[WhiteTeamCountry "ESP"]
[BlackTeamCountry "ESP"]

1. e4 c5 2. Nf3 e6 3. d4 cxd4 4. Nxd4 Nf6 5. Nc3 d6 6. Be2 Be7 7. Be3 a6 8. f4
Qc7 9. O-O Nbd7 10. a4 b6 11. Bf3 Bb7 12. Qe1 O-O 13. f5 e5 14. Nb3 b5 15. axb5
axb5 16. Nxb5 Qxc2 17. Na5 Bxe4 18. Rf2 Qd3 19. Nc7 Bxf3 20. Rxf3 Rac8 21. Nc6
Bd8 22. Nxd8 Rfxd8 23. Qa5 Qe4 24. b4 Qb7 25. Rc1 d5 26. Rff1 d4 27. Bg5 e4 28.
Nb5 Ra8 29. Nd6 Qb8 30. Qc7 Qxc7 31. Rxc7 e3 32. Re1 h6 33. Bxf6 Nxf6 34. Nxf7
d3 35. Nxd8 Rxd8 36. Rc3 Ng4 37. h3 d2 38. Kf1 d1=Q 39. Rxd1 Rxd1+ 40. Ke2 Rd2+
41. Ke1 Nf6 42. g4 Nd5 43. Rxe3 Rb2 44. Rg3 Rxb4 45. Kf1 Kf7 46. Rf3 Rf4 47.
Rxf4 Nxf4 48. h4 Kf6 49. Kf2 h5 50. Kf3 Nd3 51. gxh5 Kxf5 52. h6 gxh6 53. Kg3
h5 54. Kh3 Kf4 55. Kh2 Kg4 56. Kg2 Kxh4 57. Kh2 Kg4 58. Kg2 h4 59. Kh2 h3 60.
Kh1 Kg3 0-1

[Event "Liga Madrileña - DH 2015-2016"]
[Site "Madrid ESP"]
[Date "2016.01.17"]
[Round "6.11"]
[White "Perez Gonzalez, Jose Manuel"]
[Black "Aranda Marin, Cristian"]
[Result "0-1"]
[WhiteElo "2340"]
[BlackElo "2352"]
[PlyCount "52"]
[EventDate "2015.11.22"]
[EventType "team-tourn"]
[EventRounds "14"]
[EventCountry "ESP"]
[Source "lmi"]
[SourceDate "2015.11.22"]
[WhiteTeam "Liberty Chess"]
[BlackTeam "San Fernando de Henares"]
[WhiteTeamCountry "ESP"]
[BlackTeamCountry "ESP"]

1. e4 c5 2. Nf3 g6 3. d4 cxd4 4. Nxd4 Nf6 5. Nc3 Nc6 6. Nxc6 bxc6 7. e5 Ng8 8.
Bc4 Qa5 9. Qe2 Bg7 10. f4 Nh6 11. Bd2 O-O 12. Ne4 Qb6 13. Bc3 d5 14. exd6 exd6
15. Nxd6 Bg4 16. Qf2 Bxc3+ 17. bxc3 Qc7 18. h3 Qxd6 19. hxg4 Rfe8+ 20. Be2 Nxg4
21. Qf3 h5 22. Rd1 Qc5 23. Rd3 Re7 24. Kd2 Rae8 25. Re1 Nf2 26. Rd4 Ne4+ 0-1

[Event "Liga Madrileña - DH 2015-2016"]
[Site "Madrid ESP"]
[Date "2016.01.17"]
[Round "6.12"]
[White "Fernandez Blazquez, Diego"]
[Black "Gallardo Garcia, Andres"]
[Result "0-1"]
[WhiteElo "2229"]
[BlackElo "2327"]
[PlyCount "77"]
[EventDate "2015.11.22"]
[EventType "team-tourn"]
[EventRounds "14"]
[EventCountry "ESP"]
[Source "lmi"]
[SourceDate "2015.11.22"]
[WhiteTeam "San Fernando de Henares"]
[BlackTeam "Liberty Chess"]
[WhiteTeamCountry "ESP"]
[BlackTeamCountry "ESP"]

1. d4 Nf6 2. c4 e6 3. g3 Bb4+ 4. Bd2 c5 5. Bxb4 cxb4 6. Bg2 O-O 7. Nf3 a5 8.
O-O d6 9. a3 Na6 10. axb4 Nxb4 11. Nc3 Qe7 12. Ne1 e5 13. d5 Qc7 14. b3 Bd7 15.
Nd3 Qb6 16. e4 Rfc8 17. Na2 Nxa2 18. Rxa2 a4 19. Ra3 Qd4 20. Re1 Bg4 21. Qb1
Bd7 22. Qd1 h5 23. h3 b5 24. cxb5 Bxb5 25. bxa4 Rxa4 26. Rxa4 Bxa4 27. Qa1 Rc3
28. Nb2 Bc2 29. Nd1 Bxd1 30. Qxd1 Qc5 31. g4 hxg4 32. hxg4 Nh7 33. Qd2 f6 34.
Re3 Rc2 35. Qd3 Ng5 36. Qb3 Kh7 37. Qb8 Qd4 38. Qb1 Rd2 39. Qb5 0-1

[Event "Liga Madrileña - DH 2015-2016"]
[Site "Madrid ESP"]
[Date "2016.01.17"]
[Round "6.13"]
[White "Sanchez Gonzalez, Sergio"]
[Black "Jimenez Lopez, Antonio"]
[Result "1-0"]
[WhiteElo "2300"]
[BlackElo "2142"]
[PlyCount "77"]
[EventDate "2015.11.22"]
[EventType "team-tourn"]
[EventRounds "14"]
[EventCountry "ESP"]
[Source "lmi"]
[SourceDate "2015.11.22"]
[WhiteTeam "Liberty Chess"]
[BlackTeam "San Fernando de Henares"]
[WhiteTeamCountry "ESP"]
[BlackTeamCountry "ESP"]

1. Nf3 Nf6 2. c4 g6 3. g3 Bg7 4. Bg2 d6 5. Nc3 O-O 6. O-O e5 7. d4 Nbd7 8. dxe5
dxe5 9. h3 Re8 10. Bg5 h6 11. Be3 c6 12. Qc1 Kh7 13. Qc2 Qe7 14. Rad1 Nh5 15.
Ne4 f5 16. Nd6 Rf8 17. Nh4 Nb6 18. Bc5 Qf6 19. Nxc8 Nxc8 20. Bxf8 Bxf8 21. Rd7+
Kg8 22. c5 Qe6 23. Rxb7 e4 24. Qb3 Qxb3 25. axb3 Ne7 26. g4 Nf4 27. e3 Nd3 28.
b4 a5 29. Ra1 a4 30. gxf5 gxf5 31. Nxf5 Nxf5 32. Bxe4 Nxb2 33. Bxf5 Rd8 34. Kh1
Nd1 35. Rxa4 Nxf2+ 36. Kg2 Rd2 37. Kf3 Nd1 38. Be6+ Kh8 39. Raa7 1-0

[Event "Liga Madrileña - DH 2015-2016"]
[Site "Madrid ESP"]
[Date "2016.01.17"]
[Round "6.14"]
[White "Del Valle Cirera, Adria"]
[Black "Fernandez Garcia, Miguel Angel"]
[Result "0-1"]
[WhiteElo "2107"]
[BlackElo "2334"]
[PlyCount "110"]
[EventDate "2015.11.22"]
[EventType "team-tourn"]
[EventRounds "14"]
[EventCountry "ESP"]
[Source "lmi"]
[SourceDate "2015.11.22"]
[WhiteTeam "San Fernando de Henares"]
[BlackTeam "Liberty Chess"]
[WhiteTeamCountry "ESP"]
[BlackTeamCountry "ESP"]

1. e4 Nf6 2. e5 Nd5 3. c4 Nb6 4. d4 d6 5. exd6 exd6 6. Nc3 Nc6 7. Nf3 Be7 8. h3
O-O 9. Bd3 Nb4 10. Be2 Bf5 11. O-O c5 12. Bf4 Qc8 13. Rc1 Rd8 14. a3 Na6 15. d5
Re8 16. Bd3 Bg6 17. Re1 Qd7 18. Qd2 Rad8 19. Re2 Nc8 20. Rce1 Nc7 21. b4 b6 22.
Bc2 Bxc2 23. Qxc2 h6 24. Bg3 Bf8 25. Nh4 Rxe2 26. Rxe2 Re8 27. b5 Rxe2 28. Nxe2
Ne8 29. Nf5 g6 30. Ne3 Ne7 31. h4 Ng7 32. f3 Ngf5 33. Nxf5 Nxf5 34. Bf2 h5 35.
Qe4 Be7 36. Nf4 Bf6 37. Kf1 Kf8 38. g3 Bd4 39. Kg2 Qe7 40. Qd3 Qe5 41. Ne2 Bb2
42. g4 hxg4 43. fxg4 Nh6 44. Bg3 Qe7 45. Nf4 Be5 46. Qf3 Kg7 47. Nd3 Bxg3 48.
Kxg3 f5 49. Nf4 fxg4 50. Qd3 Nf5+ 51. Kg2 Nxh4+ 52. Kf2 Qf6 53. Kg3 Nf5+ 54.
Kg2 Qb2+ 55. Kf1 Qc1+ 0-1

[Event "Liga Madrileña - DH 2015-2016"]
[Site "Madrid ESP"]
[Date "2016.01.17"]
[Round "6.15"]
[White "Pablos Tenrero, Raquel"]
[Black "Nunez Miranda, Adrian"]
[Result "0-1"]
[WhiteElo "2077"]
[BlackElo "2085"]
[PlyCount "48"]
[EventDate "2015.11.22"]
[EventType "team-tourn"]
[EventRounds "14"]
[EventCountry "ESP"]
[Source "lmi"]
[SourceDate "2015.11.22"]
[WhiteTeam "Liberty Chess"]
[BlackTeam "San Fernando de Henares"]
[WhiteTeamCountry "ESP"]
[BlackTeamCountry "ESP"]

1. e4 c5 2. Nf3 Nc6 3. d4 cxd4 4. Nxd4 Nf6 5. Nc3 e5 6. Ndb5 d6 7. Bg5 a6 8.
Na3 b5 9. Bxf6 gxf6 10. Nd5 f5 11. Bd3 Be6 12. c3 Bg7 13. Qh5 Rc8 14. Nc2 f4
15. g3 Bxd5 16. exd5 Ne7 17. Nb4 Ng6 18. O-O Qb6 19. a4 bxa4 20. Bxa6 Ra8 21.
Rxa4 O-O 22. Qe2 f5 23. Qb5 Qd8 24. Qc6 f3 0-1

[Event "Liga Madrileña - DH 2015-2016"]
[Site "Madrid ESP"]
[Date "2016.01.17"]
[Round "6.16"]
[White "De la Orden Alcocer, Alejandro"]
[Black "Suarez Triguero, Jose Alfonso"]
[Result "0-1"]
[WhiteElo "2024"]
[BlackElo "2063"]
[PlyCount "134"]
[EventDate "2015.11.22"]
[EventType "team-tourn"]
[EventRounds "14"]
[EventCountry "ESP"]
[Source "lmi"]
[SourceDate "2015.11.22"]
[WhiteTeam "San Fernando de Henares"]
[BlackTeam "Liberty Chess"]
[WhiteTeamCountry "ESP"]
[BlackTeamCountry "ESP"]

1. Nf3 Nf6 2. g3 g6 3. Bg2 c5 4. b3 Bg7 5. Bb2 Nc6 6. c4 O-O 7. O-O d6 8. d3
Bd7 9. Nbd2 a5 10. a4 Nb4 11. Rb1 e5 12. Ng5 Bc6 13. Nge4 Qe7 14. Nxf6+ Bxf6
15. Ne4 Bg7 16. Nc3 f5 17. Qd2 Rad8 18. Rbd1 h6 19. Qc1 Kh7 20. Qb1 Qe6 21. e4
f4 22. Bf3 g5 23. g4 Qc8 24. Nb5 Rf6 25. h3 Bd7 26. Kh2 Nc6 27. Bc3 b6 28. Qb2
Ne7 29. Qe2 Ng6 30. Bd2 Nh4 31. Nc3 Be6 32. Nd5 Bxd5 33. exd5 Kg8 34. Be4 f3
35. Qe3 Ng2 36. Qxf3 Rxf3 37. Bxf3 Nf4 38. Be4 Rf8 39. f3 Kf7 40. Rf2 Ke7 41.
Kg3 Qe8 42. Rh1 Ng6 43. Rff1 Kd8 44. Kf2 Kc7 45. Ke2 Bf6 46. Rh2 Bd8 47. Kf2
Nh4 48. Kg3 Qf7 49. Be3 Rh8 50. Rfh1 Ng6 51. Bd2 Nf8 52. Be3 Nd7 53. Bd2 Nf6
54. Bf5 Nd7 55. Be4 Nb8 56. Be3 Na6 57. Bc1 Nb4 58. Be3 Rf8 59. Rf1 Kb8 60. Bf5
Ka7 61. Rd1 Bf6 62. Be4 h5 63. Rdh1 h4+ 64. Kg2 Nc2 65. Kf2 Nd4 66. Bxd4 exd4
67. Re1 Be5 0-1

[Event "Liga Madrileña - DH 2015-2016"]
[Site "Madrid ESP"]
[Date "2016.01.17"]
[Round "6.21"]
[White "Bolado Saez, Sergio"]
[Black "Beltran de Heredia Eguiaz, Miguel Angel"]
[Result "1-0"]
[WhiteElo "2359"]
[BlackElo "2190"]
[PlyCount "89"]
[EventDate "2015.11.22"]
[EventType "team-tourn"]
[EventRounds "14"]
[EventCountry "ESP"]
[Source "lmi"]
[SourceDate "2015.11.22"]
[WhiteTeam "Blanco y Negro"]
[BlackTeam "Vallecas CDV"]
[WhiteTeamCountry "ESP"]
[BlackTeamCountry "ESP"]

1. d4 Nf6 2. c4 g6 3. f3 d5 4. cxd5 Nxd5 5. e4 Nb6 6. Nc3 Bg7 7. Be3 O-O 8. Qd2
Nc6 9. O-O-O a5 10. h4 a4 11. Kb1 Na5 12. Bh6 Nac4 13. Qc1 Bxh6 14. Qxh6 Qd6
15. a3 Ra5 16. g4 Bd7 17. Nh3 f6 18. Nf4 Bb5 19. Nfd5 Ba6 20. Nb4 Nxb2 21. Kxb2
Bxf1 22. Rhxf1 Nc4+ 23. Ka1 Nxa3 24. Nbd5 c6 25. Ne3 Qb4 26. Rd3 Nb5 27. Na2
Qb3 28. Rxb3 axb3 29. Kb2 Rxa2+ 30. Kxb3 Ra3+ 31. Kb2 Rfa8 32. Nc2 Ra2+ 33. Kb3
e5 34. dxe5 fxe5 35. Qc1 c5 36. Qd1 Nd4+ 37. Nxd4 exd4 38. Qc1 b6 39. Kc4 R2a4+
40. Kd5 d3 41. Ke5 Rd4 42. Rd1 Rf8 43. Rxd3 Re8+ 44. Kf4 Rf8+ 45. Kg3 1-0

[Event "Liga Madrileña - DH 2015-2016"]
[Site "Madrid ESP"]
[Date "2016.01.17"]
[Round "6.23"]
[White "Alarcia Astiz, Carlos"]
[Black "Martin Garcia, Guillermo Li"]
[Result "1/2-1/2"]
[WhiteElo "2337"]
[BlackElo "2165"]
[PlyCount "104"]
[EventDate "2015.11.22"]
[EventType "team-tourn"]
[EventRounds "14"]
[EventCountry "ESP"]
[Source "lmi"]
[SourceDate "2015.11.22"]
[WhiteTeam "Blanco y Negro"]
[BlackTeam "Vallecas CDV"]
[WhiteTeamCountry "ESP"]
[BlackTeamCountry "ESP"]

1. e4 e5 2. Nf3 Nc6 3. Bc4 Bc5 4. d3 Nf6 5. O-O d6 6. c3 a6 7. b4 Ba7 8. Bb3 h6
9. Be3 O-O 10. Re1 Ne7 11. Bxa7 Rxa7 12. d4 Ng6 13. Nbd2 Ra8 14. Qc2 Nh5 15.
Rad1 Nhf4 16. dxe5 dxe5 17. Nf1 Qf6 18. Re3 Bg4 19. N1d2 Nh4 20. Nxh4 Bxd1 21.
Qxd1 Qxh4 22. g3 Qg5 23. Nf3 Qg4 24. Nxe5 Qxd1+ 25. Bxd1 Rad8 26. Bb3 Nh5 27.
Nd3 Nf6 28. Nc5 Ng4 29. Re2 Rfe8 30. Nxb7 Rd3 31. Nc5 Rxc3 32. Nxa6 g5 33. h3
Ne5 34. Kg2 h5 35. Nc5 g4 36. Rd2 Rc1 37. hxg4 hxg4 38. Nd7 Nf3 39. Nf6+ Kf8
40. Rd1 Rxd1 41. Bxd1 Rd8 42. Bxf3 gxf3+ 43. Kxf3 Ra8 44. Nd7+ Ke7 45. Nc5 Rxa2
46. Nd3 Ra3 47. Ke3 Kd6 48. Kd4 Ra1 49. Ke3 Ra3 50. Kd4 Ra1 51. Kc4 Ra2 52. Kc3
Ra3+ 1/2-1/2

[Event "Liga Madrileña - DH 2015-2016"]
[Site "Madrid ESP"]
[Date "2016.01.17"]
[Round "6.24"]
[White "Montoya Pecurul, Marc"]
[Black "Renteria Becerra, Jorge Elicer"]
[Result "1-0"]
[WhiteElo "2123"]
[BlackElo "2244"]
[PlyCount "129"]
[EventDate "2015.11.22"]
[EventType "team-tourn"]
[EventRounds "14"]
[EventCountry "ESP"]
[Source "lmi"]
[SourceDate "2015.11.22"]
[WhiteTeam "Vallecas CDV"]
[BlackTeam "Blanco y Negro"]
[WhiteTeamCountry "ESP"]
[BlackTeamCountry "ESP"]

1. e4 e6 2. d4 d5 3. Nc3 Bb4 4. a3 Bxc3+ 5. bxc3 dxe4 6. Qg4 Nf6 7. Qxg7 Rg8 8.
Qh6 Rg6 9. Qe3 b6 10. Ne2 Bb7 11. Nf4 Rg8 12. c4 Qe7 13. Bb2 Nbd7 14. O-O-O
O-O-O 15. Be2 Kb8 16. Kb1 e5 17. dxe5 Nxe5 18. c5 Nfd7 19. cxb6 axb6 20. a4 Nc5
21. a5 Na4 22. axb6 cxb6 23. Qb3 Nxb2 24. Qxb2 Rd6 25. Rxd6 Qxd6 26. g3 Nd7 27.
Rd1 Qc7 28. Nd5 Bxd5 29. Rxd5 Nc5 30. Qd4 Rc8 31. Bg4 Re8 32. Rd6 h6 33. h4 e3
34. fxe3 Qb7 35. Qf4 Ka7 36. Bf3 Qe7 37. Rf6 Qe5 38. Rxf7+ Ka6 39. Be2+ b5 40.
Qb4 Nb7 41. Bf3 Nc5 42. Be2 Nb7 43. Bf3 Nc5 44. Qd4 Qxe3 45. Rf6+ Ka5 46. Qxe3
Rxe3 47. Kc1 Nd7 48. Kd2 Ra3 49. Rf5 Nb6 50. Be2 Ka4 51. Bxb5+ Kb4 52. Bd3 Nc4+
53. Ke2 Nb2 54. Rf6 h5 55. Rf5 Kc3 56. Rxh5 Ra7 57. Re5 Rg7 58. Kf3 Kd4 59. Rb5
Rf7+ 60. Kg4 Nd1 61. Bg6 Ne3+ 62. Kg5 Rf3 63. g4 Nd5 64. h5 Nf4 65. Rb4+ 1-0

[Event "Liga Madrileña - DH 2015-2016"]
[Site "Madrid ESP"]
[Date "2016.01.17"]
[Round "6.25"]
[White "Rivas Vila, David"]
[Black "Ambrona Castellanos, Miguel"]
[Result "1/2-1/2"]
[WhiteElo "2190"]
[BlackElo "2055"]
[PlyCount "121"]
[EventDate "2015.11.22"]
[EventType "team-tourn"]
[EventRounds "14"]
[EventCountry "ESP"]
[Source "lmi"]
[SourceDate "2015.11.22"]
[WhiteTeam "Blanco y Negro"]
[BlackTeam "Vallecas CDV"]
[WhiteTeamCountry "ESP"]
[BlackTeamCountry "ESP"]

1. e4 c5 2. Nc3 Nc6 3. Nge2 g6 4. d4 cxd4 5. Nxd4 Bg7 6. Be3 Nf6 7. Be2 O-O 8.
Nb3 d6 9. O-O a6 10. a4 Be6 11. f4 Na5 12. Kh1 Rc8 13. Nxa5 Qxa5 14. Bd3 Bc4
15. Qe2 Bxd3 16. cxd3 e6 17. Ra3 d5 18. Rb3 dxe4 19. dxe4 Qc7 20. e5 Nd7 21.
Ne4 Qc6 22. Nd6 Qxa4 23. Rxb7 Rc2 24. Qf3 Nc5 25. Bxc5 Rxc5 26. h4 h5 27. Ne4
Rb5 28. Nc3 Qb4 29. Nxb5 axb5 30. Qe2 Rd8 31. Qxb5 Qe4 32. Rb8 Rxb8 33. Qxb8+
Bf8 34. Qb5 Kg7 35. Kh2 Qe3 36. Qb7 Qe2 37. Ra1 Bc5 38. b3 Qf2 39. Kh3 Qxf4 40.
Qf3 Qxe5 41. Rf1 f6 42. Qf4 Qxf4 43. Rxf4 Kf7 44. b4 Bd6 45. Rc4 e5 46. b5 Ke6
47. b6 Kd5 48. Rc2 e4 49. b7 e3 50. g3 Ke4 51. Kg2 Kd3 52. Rc6 Be5 53. Rc8 e2
54. Rd8+ Ke3 55. Re8 e1=Q 56. Rxe5+ fxe5 57. b8=Q Qf2+ 58. Kh3 Qf5+ 59. Kh2
Qf2+ 60. Kh3 Qf5+ 61. Kh2 1/2-1/2

[Event "Liga Madrileña - DH 2015-2016"]
[Site "Madrid ESP"]
[Date "2016.01.17"]
[Round "6.26"]
[White "Rios Rebollo, Victor"]
[Black "Iagar, Razvan Gabriel"]
[Result "1/2-1/2"]
[WhiteElo "1980"]
[BlackElo "2150"]
[PlyCount "65"]
[EventDate "2015.11.22"]
[EventType "team-tourn"]
[EventRounds "14"]
[EventCountry "ESP"]
[Source "lmi"]
[SourceDate "2015.11.22"]
[WhiteTeam "Vallecas CDV"]
[BlackTeam "Blanco y Negro"]
[WhiteTeamCountry "ESP"]
[BlackTeamCountry "ESP"]

1. d4 d5 2. c4 c6 3. e3 Nf6 4. Nc3 e6 5. Nf3 Nbd7 6. Bd3 Bd6 7. O-O O-O 8. Qe2
dxc4 9. Bxc4 e5 10. dxe5 Nxe5 11. Nxe5 Bxe5 12. h3 Qe7 13. Bd2 Be6 14. Bxe6
Qxe6 15. Rfd1 Rad8 16. Be1 Bc7 17. Rxd8 Rxd8 18. Rd1 Rxd1 19. Qxd1 Qd6 20. Qxd6
Bxd6 21. Kf1 Kf8 22. Ke2 Ke7 23. Kd3 Nd7 24. Ne4 Nc5+ 25. Nxc5 Bxc5 26. Bc3 g6
27. f3 f5 28. e4 fxe4+ 29. Kxe4 a6 30. f4 Ke6 31. g4 Be7 32. Be5 Bd8 33. b3
1/2-1/2

[Event "Liga Madrileña - DH 2015-2016"]
[Site "Madrid ESP"]
[Date "2016.01.17"]
[Round "6.31"]
[White "Rubio Mejia, Luis Ignacio"]
[Black "Candela Perez, Jose"]
[Result "1/2-1/2"]
[WhiteElo "2457"]
[BlackElo "2412"]
[PlyCount "93"]
[EventDate "2015.11.22"]
[EventType "team-tourn"]
[EventRounds "14"]
[EventCountry "ESP"]
[Source "lmi"]
[SourceDate "2015.11.22"]
[WhiteTeam "Virgen de Atocha"]
[BlackTeam "La Casa del Ajedrez"]
[WhiteTeamCountry "ESP"]
[BlackTeamCountry "ESP"]

1. d4 d5 2. c4 c6 3. Nf3 Nf6 4. e3 a6 5. Nc3 b5 6. c5 g6 7. Bd3 Bg7 8. h3 O-O
9. O-O Nbd7 10. Re1 Qc7 11. e4 dxe4 12. Bxe4 Nxe4 13. Rxe4 Nf6 14. Bf4 Qb7 15.
Re2 Rd8 16. Qd2 Nd5 17. Bh6 Nxc3 18. bxc3 Bf6 19. a3 Be6 20. Ne5 Rd5 21. Nd3
Bf5 22. Nf4 Rdd8 23. g4 Bc8 24. Rae1 Ra7 25. Qe3 Re8 26. Qf3 Bh8 27. Nd3 a5 28.
Ne5 Bxe5 29. Rxe5 Be6 30. Rxe6 fxe6 31. Rxe6 b4 32. cxb4 axb4 33. Qe4 Kf7 34.
Rxc6 Qd7 35. axb4 Rd8 36. Be3 Rb7 37. Qf4+ Kg8 38. Qe4 Rxb4 39. Re6 Kf8 40. Re5
Rc8 41. Qf4+ Kg8 42. Qe4 Kf7 43. Qf3+ Kg8 44. d5 Rf8 45. Qg3 Qa4 46. Kh2 Qd1
47. Rxe7 1/2-1/2

[Event "Liga Madrileña - DH 2015-2016"]
[Site "Madrid ESP"]
[Date "2016.01.17"]
[Round "6.32"]
[White "Gallego Jimenez, Victoriano"]
[Black "Almagro Llamas, Pablo"]
[Result "1/2-1/2"]
[WhiteElo "2362"]
[BlackElo "2429"]
[PlyCount "41"]
[EventDate "2015.11.22"]
[EventType "team-tourn"]
[EventRounds "14"]
[EventCountry "ESP"]
[Source "lmi"]
[SourceDate "2015.11.22"]
[WhiteTeam "La Casa del Ajedrez"]
[BlackTeam "Virgen de Atocha"]
[WhiteTeamCountry "ESP"]
[BlackTeamCountry "ESP"]

1. d4 Nf6 2. c4 e6 3. g3 d5 4. Nf3 Be7 5. Bg2 O-O 6. O-O dxc4 7. Ne5 Nc6 8.
Bxc6 bxc6 9. Nxc6 Qe8 10. Nxe7+ Qxe7 11. Qa4 e5 12. dxe5 Qxe5 13. Qxc4 Be6 14.
Qd3 Rad8 15. Qe3 Qh5 16. f3 Rfe8 17. Qg5 Qh3 18. Nc3 Bc4 19. Bf4 Nd5 20. Nxd5
Rxd5 21. Qg4 1/2-1/2

[Event "Liga Madrileña - DH 2015-2016"]
[Site "Madrid ESP"]
[Date "2016.01.17"]
[Round "6.33"]
[White "Espinosa Aranda, Angel"]
[Black "Rojo Huerta, Gabriel"]
[Result "1/2-1/2"]
[WhiteElo "2401"]
[BlackElo "2362"]
[PlyCount "53"]
[EventDate "2015.11.22"]
[EventType "team-tourn"]
[EventRounds "14"]
[EventCountry "ESP"]
[Source "lmi"]
[SourceDate "2015.11.22"]
[WhiteTeam "Virgen de Atocha"]
[BlackTeam "La Casa del Ajedrez"]
[WhiteTeamCountry "ESP"]
[BlackTeamCountry "ESP"]

1. d4 Nf6 2. Nf3 g6 3. Bg5 Bg7 4. Nbd2 d5 5. e3 O-O 6. Bd3 Nbd7 7. O-O b6 8. a4
c5 9. c3 Bb7 10. Re1 Ne4 11. Bh4 Nxd2 12. Nxd2 Bf6 13. Bg3 e5 14. dxe5 Nxe5 15.
Be2 Re8 16. Nf3 Bc6 17. Nxe5 Bxe5 18. Bf3 Bxg3 19. hxg3 Qd7 20. b4 Rad8 21. a5
d4 22. axb6 axb6 23. bxc5 bxc5 24. Bxc6 Qxc6 25. exd4 Rxe1+ 26. Qxe1 cxd4 27.
cxd4 1/2-1/2

[Event "Liga Madrileña - DH 2015-2016"]
[Site "Madrid ESP"]
[Date "2016.01.17"]
[Round "6.34"]
[White "Suarez Uriel, Adrian"]
[Black "Plazuelo Pascual, Juan"]
[Result "1/2-1/2"]
[WhiteElo "2278"]
[BlackElo "2351"]
[PlyCount "70"]
[EventDate "2015.11.22"]
[EventType "team-tourn"]
[EventRounds "14"]
[EventCountry "ESP"]
[Source "lmi"]
[SourceDate "2015.11.22"]
[WhiteTeam "La Casa del Ajedrez"]
[BlackTeam "Virgen de Atocha"]
[WhiteTeamCountry "ESP"]
[BlackTeamCountry "ESP"]

1. e4 e6 2. d4 d5 3. Bd3 dxe4 4. Bxe4 Nf6 5. Bf3 Nbd7 6. Ne2 e5 7. Nbc3 Bd6 8.
O-O O-O 9. Ng3 exd4 10. Qxd4 Ne5 11. Be2 Bg4 12. Bg5 h6 13. Bxg4 hxg5 14. Be2
Nc6 15. Qc4 Bxg3 16. hxg3 Qd4 17. Qb5 Qb6 18. Qxb6 axb6 19. Nb5 Na7 20. Nxa7
Rxa7 21. Rfe1 Rd8 22. Bc4 Kf8 23. f3 Raa8 24. Re2 Ne8 25. Kf2 Nd6 26. Bb3 Re8
27. Rd2 Rad8 28. Rd5 f6 29. Rh1 Nf7 30. Rxd8 Rxd8 31. Ke3 Re8+ 32. Kd3 Rd8+ 33.
Kc3 Nd6 34. g4 Nb5+ 35. Kc4 Nd6+ 1/2-1/2

[Event "Liga Madrileña - DH 2015-2016"]
[Site "Madrid ESP"]
[Date "2016.01.17"]
[Round "6.35"]
[White "Vazquez Torres, Adrian"]
[Black "Madina Yadarola, Martin"]
[Result "1/2-1/2"]
[WhiteElo "2205"]
[BlackElo "2237"]
[PlyCount "87"]
[EventDate "2015.11.22"]
[EventType "team-tourn"]
[EventRounds "14"]
[EventCountry "ESP"]
[Source "lmi"]
[SourceDate "2015.11.22"]
[WhiteTeam "Virgen de Atocha"]
[BlackTeam "La Casa del Ajedrez"]
[WhiteTeamCountry "ESP"]
[BlackTeamCountry "ESP"]

1. e4 g6 2. d4 d6 3. Nc3 c6 4. Be3 Nf6 5. Nf3 Qb6 6. Qd2 Ng4 7. Bf4 Bg7 8. h3
e5 9. Bg5 Nf6 10. dxe5 dxe5 11. O-O-O Nbd7 12. Bh6 O-O 13. Qg5 Qxf2 14. Rd2 Qc5
15. g4 Bxh6 16. Qxh6 Re8 17. Bd3 Nf8 18. Rf1 Ne6 19. Ne2 Nd7 20. Ng5 Nxg5 21.
Qxg5 Qe7 22. Qh6 Nc5 23. Ng3 Ne6 24. Bc4 Qg5 25. Qxg5 Nxg5 26. h4 Ne6 27. Rf6
Re7 28. g5 Kg7 29. Bxe6 Bxe6 30. h5 Ree8 31. h6+ Kf8 32. Rdf2 Ke7 33. b3 a5 34.
Nf1 a4 35. Ne3 Kd7 36. Nc4 axb3 37. cxb3 Bxc4 38. bxc4 Ra4 39. Rxf7+ Re7 40.
Rd2+ Ke8 41. Rxe7+ Kxe7 42. Rc2 Kd6 43. Rd2+ Kc7 44. Rc2 1/2-1/2

[Event "Liga Madrileña - DH 2015-2016"]
[Site "Madrid ESP"]
[Date "2016.01.17"]
[Round "6.36"]
[White "Unciti Juan, Javier"]
[Black "Perez de Aranda, Leonardo Ivan"]
[Result "0-1"]
[WhiteElo "2050"]
[BlackElo "2078"]
[PlyCount "90"]
[EventDate "2015.11.22"]
[EventType "team-tourn"]
[EventRounds "14"]
[EventCountry "ESP"]
[Source "lmi"]
[SourceDate "2015.11.22"]
[WhiteTeam "La Casa del Ajedrez"]
[BlackTeam "Virgen de Atocha"]
[WhiteTeamCountry "ESP"]
[BlackTeamCountry "ESP"]

1. d4 d5 2. Bf4 Nf6 3. e3 Bf5 4. Nf3 e6 5. Be2 Nbd7 6. Nbd2 h6 7. h3 Bd6 8. Ne5
O-O 9. g4 Bh7 10. h4 Ne4 11. Nxe4 Bxe4 12. f3 Bh7 13. Bd3 Bxd3 14. Qxd3 Nxe5
15. dxe5 Be7 16. O-O-O c5 17. c3 c4 18. Qc2 b5 19. e4 Qa5 20. exd5 exd5 21.
Rxd5 Rad8 22. Rhd1 Qxa2 23. h5 Rxd5 24. Rxd5 b4 25. cxb4 c3 26. b3 Qa1+ 27. Qb1
Qa3+ 28. Kd1 Qxb4 29. Be3 Qb7 30. Qe4 Qxb3+ 31. Ke2 Qb2+ 32. Kd1 Rb8 33. Bc1
Qb3+ 34. Ke2 Rb4 35. Qd3 Qa2+ 36. Kd1 Rb8 37. e6 fxe6 38. Rd7 Qa4+ 39. Ke2 Bf6
40. f4 Qc6 41. g5 hxg5 42. fxg5 Qg2+ 43. Kd1 c2+ 44. Ke1 Bxg5 45. Qg6 Bh4+ 0-1